000 00464nam a2200157Ia 4500
008 231217s9999 xx 000 0 und d
041 _aEnglish
082 _a658.848 HOE;1 R
100 _aHoekman, Bernard ed Mattoo, Aaditya ed English, Philip ed
245 0 _aDevelopment, trade, and the WTO : a handbook
260 _c2002
_bWorld Bank
_aWashington
300 _axxx+641
300 _cCD1740, CD1741
650 _aDevelopment,,trade,,WTO,:
942 _cAA
999 _c174188
_d174188